| 000 | 01383cam a2200337 a 4500 | ||
|---|---|---|---|
| 999 |
_c342408 _d342408 |
||
| 001 | 4396014 | ||
| 003 | NUST | ||
| 005 | 20171226114456.0 | ||
| 008 | 920727s1992 caua b 001 0 eng | ||
| 010 | _a 92023593 | ||
| 020 | _a1565100204 (pbk. : acidfree paper) | ||
| 020 | _a1565100212 (lib. bdg. : acidfree paper) | ||
| 040 |
_aDLC _cDLC _dDLC _dOCoLC |
||
| 043 | _an-us--- | ||
| 050 | 0 | 0 |
_aHD6060.3 _b.S47 1992 |
| 082 | 0 | 0 |
_a331.4133 _bSEX |
| 245 | 0 | 0 |
_aSexual harassment / _cCarol Wekesser, senior editor ; Karin L. Swisher, book editor ; Christina Pierce, assistant editor. |
| 260 |
_aSan Diego, CA : _bGreenhaven Press, _c1992. |
||
| 300 |
_a208 p. ; _bill. ; _c25 cm. |
||
| 440 | 0 |
_aCurrent controversies _97607 |
|
| 504 | _aIncludes bibliographical references (p. 201-202) and index. | ||
| 650 | 0 |
_aSexual harassment of women _zUnited States. _97608 |
|
| 650 | 0 |
_aSexual harassment of women _xLaw and legislation _zUnited States. _97609 |
|
| 700 | 1 |
_aWekesser, Carol, _d1963- _97610 |
|
| 700 | 1 |
_aSwisher, Karin, _d1966- _97611 |
|
| 700 | 1 |
_aPierce, Christina. _97612 |
|
| 906 |
_a7 _bcbc _corignew _d1 _eocip _f19 _gy-gencatlg |
||
| 942 |
_2ddc _cBK |
||